00934ntm a22002297a 450000500170000000800410001704000280005808200170008610000260010324500900012926000100021930000410022950001810027059000170045165000390046865300230050765500240053077700240055494200080057899900170058695201010060320170827123306.0170802s2012 xx a frb 000 0 eng d aEG-ScBUEbengcEG-ScBUE04222a624bABB1 aAbban, Mohamed Fathi.10aAppraisal tender for Damac park avenue:bproject in new Cairo /cMohamed Fathi Abban. c2012. a281 p. :bill. (some col.) ;c28 cm. aA dissertation submitted to the faculty of engineering, the British University in Egypt, in partial fulfillment of the requirements for the bachelor degree in civil engineering aRahma Khaled 72BUEshaCivil engineeringvProjects bENGCIVcAugust2017 vProjects - Students AProjects - Students 2ddc c25425d25397 00102ddc4070aMAINbMAINc2NDd2017-08-17l0o624 ABBp000046754r2025-07-15 00:00:00yPROJST